| 000 | 01151nam a22002897a 4500 | ||
|---|---|---|---|
| 003 | BR-ViAPE | ||
| 005 | 20260514105344.0 | ||
| 008 | 260513s2008 porabcogs|||| 001 0 por d | ||
| 020 | _q978-90-8788-055-2 | ||
| 040 | _cBR-ViAPE | ||
| 245 |
_aOs Capixabas holandeses: _buma história holandesa no Brasil |
||
| 246 | _aOp een dag zullen ze ons vinden | ||
| 250 | _bedição comemorativa aos 150 anos da imigração holandesa no Espírito Santo | ||
| 260 |
_aVitória _bArquivo Público do Estado do Espírito Santo |
||
| 300 |
_a160 p. _bil. |
||
| 300 | _bLivro disponível em PDF | ||
| 490 |
_aColeção Canaã _vv. 9 |
||
| 500 | _aObra disponibilizada em PDF por integrar a Coleção Canaã do APEES. | ||
| 650 |
_aImigração _xHolandeses _zEspírito Santo (Brasil) |
||
| 651 | _aEspírito Santo (Brasil) | ||
| 700 |
_aRoos, Ton _eautor |
||
| 700 |
_aEshuis, Margje _eautora |
||
| 700 |
_aBerger, Ruth Stefanie _etradutora |
||
| 710 | _aArquivo Público do Estado do Espírito Santo | ||
| 856 |
_uhttps://ape.es.gov.br/Media/ape/PDF/Livros/Os_Capixabas_Holandeses_portugues.pdf _yCLIQUE AQUI PARA ACESSAR O DOCUMENTO |
||
| 942 |
_2ddc _cBK _n1 |
||
| 999 |
_c654 _d654 |
||